书目信息 |
| 题名: |
阿拉伯现代文学与神秘主义
|
|
| 作者: | 李琛 著 | |
| 分册: | ||
| 出版信息: | 北京 社会科学文献出版社 2000 |
|
| 页数: | 10,320页 | |
| 开本: | 20cm | |
| 丛书名: | ||
| 单 册: | ||
| 中图分类: | I371.065 | |
| 科图分类: | ||
| 主题词: | 神秘主义--关系--文学--阿拉伯半岛地区--现代 , 神秘主义 , 文学 | |
| 电子资源: | ||
| ISBN: | 7-80149-337-0 | |
| 000 | 00933nam0 2200253 450 | |
| 001 | 1235329003 | |
| 005 | 20121013100145.44 | |
| 010 | @a7-80149-337-0@dCNY22.00 | |
| 100 | @a20001129d2000 emky0chiy0110 ea | |
| 101 | 0 | @achi |
| 102 | @aCN@b110000 | |
| 105 | @ay z 000zy | |
| 200 | 1 | @a阿拉伯现代文学与神秘主义@Aa la bo xian dai wen xue yu shen mi zhu yi@f李琛著 |
| 210 | @a北京@c社会科学文献出版社@d2000 | |
| 215 | @a10,320页@d20cm | |
| 300 | @a中国社会科学院出版基金资助 | |
| 330 | @a本书是国内对神秘主义与文学关系研究的先驱之作,该书以“个案”研究的方式,通过阿拉伯国家九位具有代表性的诗人、作家、戏剧家的心路历程、人生经历,特别是写作历程的介绍和评述,揭示了神秘主义在每位作家身上体现的个性特征。 | |
| 606 | 0 | @a神秘主义@x关系@x文学@y阿拉伯半岛地区@z现代 |
| 606 | 0 | @a神秘主义 |
| 606 | 0 | @a文学 |
| 690 | @aI371.065@v4 | |
| 701 | 0 | @a李琛@Ali chen@4著 |
| 801 | 0 | @aCN@bNLC@c20101222 |
| 905 | @a10447@dI371.065@eJY10 | |
| 阿拉伯现代文学与神秘主义/李琛著.-北京:社会科学文献出版社,2000 |
| 10,320页;20cm |
| 中国社会科学院出版基金资助 |
| ISBN 7-80149-337-0:CNY22.00 |
| 本书是国内对神秘主义与文学关系研究的先驱之作,该书以“个案”研究的方式,通过阿拉伯国家九位具有代表性的诗人、作家、戏剧家的心路历程、人生经历,特别是写作历程的介绍和评述,揭示了神秘主义在每位作家身上体现的个性特征。 |
| ● |
| 相关链接 |
|
|
|
|
正题名:阿拉伯现代文学与神秘主义
索取号:I371.065/JY10
 
预约/预借
| 序号 | 登录号 | 条形码 | 馆藏地/架位号 | 状态 | 备注 |
| 1 | 7816006 | 278160062 | 学院路分馆/ [索取号:I371.065/JY10] | 在馆 | |
| 2 | 7816007 | 278160071 | 学院路分馆/ [索取号:I371.065/JY10] | 在馆 |